Hội thảo chuyên đề sản xuất giống - nuôi tôm càng xanh và giải pháp xử lý giếng nước ngầm

Enregistré dans:
Détails bibliographiques
Collectivité auteur: Bộ Thủy sản
Format: Livre
Langue:Undetermined
Publié: Tiền Giang [Tiền Giang] 1996
Sujets:
Tags: Ajouter un tag
Pas de tags, Soyez le premier à ajouter un tag!
Thư viện lưu trữ: Trung tâm Học liệu Trường Đại học Cần Thơ
LEADER 00620nam a2200181Ia 4500
001 CTU_161477
008 210402s9999 xx 000 0 und d
082 |a 639.6 
082 |b B450 
110 |a Bộ Thủy sản 
245 0 |a Hội thảo chuyên đề sản xuất giống - nuôi tôm càng xanh và giải pháp xử lý giếng nước ngầm 
245 0 |c Bộ Thủy sản 
260 |a Tiền Giang 
260 |b [Tiền Giang] 
260 |c 1996 
650 |a Shrimp culture,Nuôi tôm 
904 |i Trọng Hải 
980 |a Trung tâm Học liệu Trường Đại học Cần Thơ